[Event "European Blitz 2015"]
[Site "Minsk BLR"]
[Date "2015.12.18"]
[Round "22.30"]
[White "Dzhumagaliev, Yan"]
[Black "Bulanov, Dmitri"]
[Result "1-0"]
[WhiteTitle "FM"]
[BlackTitle "FM"]
[WhiteElo "2400"]
[BlackElo "2369"]
[WhiteFideId "24100110"]
[BlackFideId "13506382"]
[EventDate "2015.12.18"]
[EventType "swiss (blitz)"]

1. d4 f5 2. c4 Nf6 3. g3 g6 4. Bg2 Bg7 5. Nf3 d6 6. Nc3 O-O 7. O-O Nc6 8. d5 Ne5
9. Nxe5 dxe5 10. Qb3 h6 11. Rd1 g5 12. c5 Kh8 13. Bd2 a6 14. Na4 f4 15. Ba5 Ng4
16. h3 fxg3 17. hxg4 gxf2+ 18. Kf1 Bxg4 19. d6 exd6 20. cxd6 Qe8 21. dxc7 Qh5
22. Qe3 Qh2 23. Qxf2 Rxf2+ 24. Kxf2 Rf8+ 25. Ke1 Qxg2 26. Nc3 e4 27. Rd8 e3 28.
Kd1 Qc6 29. Rc1 b6 30. Nd5 Qa4+ 31. b3 Qxa5 32. Ne7 Qxa2 33. Ng6+ Kh7 34. Nxf8+ 1-0

[Event "European Blitz 2015"]
[Site "Minsk BLR"]
[Date "2015.12.18"]
[Round "22.31"]
[White "Shtembuliak, Evgeny"]
[Black "Efanov, Nikolai"]
[Result "1-0"]
[WhiteTitle "FM"]
[BlackTitle "IM"]
[WhiteElo "2420"]
[BlackElo "2399"]
[WhiteFideId "14113325"]
[BlackFideId "4187997"]
[EventDate "2015.12.18"]
[EventType "swiss (blitz)"]

1. Nf3 d5 2. g3 Bg4 3. Bg2 Nd7 4. c4 e6 5. cxd5 exd5 6. O-O c6 7. d3 Bc5 8. Nc3
Ne7 9. Qb3 Qb6 10. Qc2 Qa6 11. Rb1 Qa5 12. a3 Bd6 13. b4 Qc7 14. Bb2 O-O 15.
Rbc1 Qd8 16. e4 Nb6 17. e5 Bb8 18. Rfe1 a6 19. Ne2 Ng6 20. Ned4 Re8 21. h3 Bd7
22. Nb3 Bc8 23. Nc5 Nd7 24. d4 Ndf8 25. h4 h6 26. Bf1 a5 27. b5 Ne7 28. bxc6
bxc6 29. Bd3 Ba7 30. a4 Bxc5 31. Qxc5 Bg4 32. Nh2 Bf5 33. Bxf5 Nxf5 34. Qxc6 Ne6
35. Nf3 Rc8 36. Qxc8 Qxc8 37. Rxc8 Rxc8 38. g4 Ne7 39. Rc1 Rxc1+ 40. Bxc1 Nc6
41. Bd2 Kf8 42. Bc3 Ke7 43. Kf1 Nf4 44. h5 Kd7 45. Nd2 Kc7 46. Nb3 Kb6 47. f3
Ne6 48. Kf2 Nf4 49. Bd2 Ne6 50. Ke3 Nb4 51. Bxb4 axb4 52. f4 Nd8 53. f5 f6 54.
e6 Nc6 55. Kd3 Ne7 56. Kc2 Nc6 57. Kb2 Ka6 58. Kc2 Kb6 59. Kd3 Ka6 60. Kc2 Kb6
61. Kb2 Ka6 62. Nc5+ Ka5 63. Nb7+ Kxa4 64. Nd6 b3 65. Ne8 Na5 66. Nxf6 Nc4+ 67.
Kc3 gxf6 68. g5 b2 69. Kc2 Ka3 1-0

[Event "European Blitz 2015"]
[Site "Minsk BLR"]
[Date "2015.12.18"]
[Round "22.32"]
[White "Gorodetzky, David"]
[Black "Stupak, Kirill"]
[Result "0-1"]
[WhiteTitle "FM"]
[BlackTitle "GM"]
[WhiteElo "2342"]
[BlackElo "2542"]
[WhiteFideId "2813416"]
[BlackFideId "13503758"]
[EventDate "2015.12.18"]
[EventType "swiss (blitz)"]

1. e4 e6 2. d4 d5 3. Nd2 Nc6 4. Ngf3 Nf6 5. e5 Nd7 6. Be2 f6 7. exf6 Qxf6 8. Nf1
Bd6 9. Ne3 O-O 10. O-O Qg6 11. c4 Nf6 12. a3 Bd7 13. b4 a6 14. Qb3 Rae8 15. c5
Be7 16. a4 Ra8 17. Bb2 Ne4 18. b5 Na5 19. Qd1 Bf6 20. Qe1 Nb3 21. Rb1 axb5 22.
axb5 Ra2 23. Bd1 Nbxc5 24. dxc5 Rxb2 25. Rxb2 Bxb2 26. Qb4 Qf6 27. Bb3 Qc3 28.
Nxd5 Qxb4 29. Nxb4 Nxc5 30. Bc4 Ra8 31. Nc2 Ra4 32. Be2 Bf6 33. Rd1 Ra2 34. Ncd4
Kf8 35. Kf1 Ke7 36. Re1 Ra4 37. Rd1 Ne4 38. Bd3 Nc3 39. Rc1 Na2 40. Rc4 Rxc4 41.
Bxc4 Nc3 42. Ke1 e5 43. Nc2 Nxb5 44. Ne3 Nd6 45. Nd5+ Kd8 46. Bb3 Bc6 47. Nd2
Bg5 48. Nb1 Ne4 49. f3 Nc5 50. Ba2 Bb5 51. Nbc3 Ba6 52. g3 c6 53. Nb4 Nd3+ 54.
Nxd3 Bxd3 55. Bg8 b5 56. h4 Be3 57. Nd1 Bd4 58. Kd2 Bg6 59. g4 h6 60. h5 Be8 61.
Be6 Ke7 62. Bf5 Kd6 63. Be4 c5 0-1

[Event "European Blitz 2015"]
[Site "Minsk BLR"]
[Date "2015.12.18"]
[Round "22.33"]
[White "Rogule, Laura"]
[Black "Harutjunyan, Gevorg"]
[Result "1-0"]
[WhiteTitle "WGM"]
[BlackTitle "GM"]
[WhiteElo "2289"]
[BlackElo "2436"]
[WhiteFideId "11601876"]
[BlackFideId "13300873"]
[EventDate "2015.12.18"]
[EventType "swiss (blitz)"]

1. c4 e5 2. Nc3 Nf6 3. g3 Bb4 4. Bg2 O-O 5. Nf3 Re8 6. O-O Nc6 7. Nd5 a5 8. b3
d6 9. Bb2 Nxd5 10. cxd5 Ne7 11. d4 e4 12. Ng5 Nxd5 13. Nxe4 Bf5 14. Nd2 Nc3 15.
Bxc3 Bxc3 16. Rc1 Bb2 17. Bxb7 Bxc1 18. Qxc1 Ra7 19. Bf3 a4 20. b4 a3 21. Qc3
Qb8 22. Rc1 Be6 23. d5 Bd7 24. e3 Rb7 25. Rb1 Qa7 26. Nc4 Reb8 27. Kg2 Bf5 28.
Rb3 Qa4 29. Na5 Rxb4 30. Qxc7 Rf8 31. Rxb4 Qxb4 32. Nc6 Qb1 33. Qxd6 Re8 34.
Ne7+ Kh8 35. Qc6 Rf8 36. d6 Bc2 37. d7 Bd1 38. Be4 Qxa2 39. Qc8 1-0

[Event "European Blitz 2015"]
[Site "Minsk BLR"]
[Date "2015.12.18"]
[Round "22.34"]
[White "Fargere, Francois"]
[Black "Grishchenko, Sergey1"]
[Result "1-0"]
[WhiteTitle "GM"]
[BlackTitle "IM"]
[WhiteElo "2424"]
[BlackElo "2442"]
[WhiteFideId "615935"]
[BlackFideId "4136730"]
[EventDate "2015.12.18"]
[EventType "swiss (blitz)"]

1. Nf3 d5 2. g3 Nf6 3. Bg2 c6 4. O-O Bf5 5. c4 e6 6. cxd5 exd5 7. d3 Be7 8. Qb3
Qb6 9. Qc2 Nbd7 10. Nc3 h6 11. e4 dxe4 12. dxe4 Bh7 13. Qe2 O-O 14. e5 Nd5 15.
e6 Nxc3 16. bxc3 Nc5 17. exf7+ Rxf7 18. Ne5 Raf8 19. Nxf7 Rxf7 20. Rd1 Bd3 21.
Qb2 Qa6 22. Be3 Ne4 23. Qb3 Ng5 24. h4 Bc4 25. Qc2 Nf3+ 26. Kh1 Bd5 27. Rab1 Qc4
28. Rxb7 Nxh4 29. Bxd5 cxd5 30. Rb8+ Bf8 31. gxh4 Qg4 32. Bc5 Qh3+ 33. Kg1 Qg4+
34. Kh1 Qh3+ 35. Kg1 Qg4+ 36. Kh2 Qxh4+ 37. Kg2 Qg4+ 38. Kf1 Qc4+ 39. Qd3 Qxc5
40. Qd4 Qe7 41. Qxd5 Qf6 42. Rd2 Kh7 43. Qe4+ Kg8 44. Qd5 Kh7 45. Qe4+ Kg8 46.
Qe3 Qa6+ 47. Qd3 Qf6 48. Qd5 Kh7 49. Rd8 Be7 50. Qe4+ g6 51. R8d7 Qa6+ 52. Re2
Qb6 53. Rxe7 1-0

[Event "European Blitz 2015"]
[Site "Minsk BLR"]
[Date "2015.12.18"]
[Round "22.36"]
[White "Savenkov, Konstantin"]
[Black "Pavlov, Sergey2"]
[Result "0-1"]
[WhiteTitle "FM"]
[BlackTitle "IM"]
[WhiteElo "2325"]
[BlackElo "2454"]
[WhiteFideId "4138600"]
[BlackFideId "14114330"]
[EventDate "2015.12.18"]
[EventType "swiss (blitz)"]

1. e4 Nf6 2. e5 Nd5 3. d4 d6 4. c4 Nb6 5. exd6 exd6 6. Nc3 Be7 7. Bd3 Nc6 8.
Nge2 Bg4 9. Be3 O-O 10. b3 Re8 11. O-O Bf6 12. Qd2 d5 13. c5 Nc8 14. Nf4 N8e7
15. h3 Bf5 16. Be2 Be4 17. Nh5 Nf5 18. Nxf6+ Qxf6 19. Nxe4 Rxe4 20. Bf3 Nxe3 21.
fxe3 Re7 22. Bxd5 Qg5 23. Bc4 Rd8 24. Qf2 Kh8 25. Rae1 f6 26. Qe2 Nxd4 27. Qb2
Nc6 28. Kh1 Qe5 29. Qc2 Qxc5 30. Rf5 Re5 31. Rxe5 Nxe5 32. Rc1 Qxe3 33. Be6 c6
34. b4 Qd2 35. Qc5 b6 36. Qg1 Nd3 37. Rf1 Nf4 38. Bf5 Ne2 39. Qf2 Nc3 40. Qh4
Qh6 41. Qc4 Nd5 42. Qxc6 Ne3 43. Qc7 Rg8 44. Rf3 Nxf5 45. Rxf5 Qe3 46. Rd5 Qe1+
47. Kh2 Qxb4 48. Rd7 a5 49. Rd8 h6 50. Rd7 Qe4 51. Qxb6 Qe5+ 52. Kh1 Rc8 53.
Rd8+ Rxd8 54. Qxd8+ Kh7 55. Qd3+ Kg8 56. Qb3+ Kf8 57. Qa3+ Kf7 58. Qb3+ Kg6 59.
Qd3+ f5 60. Qd2 Qc5 61. Qe2 Kh7 62. Qd2 a4 63. Qf4 a3 64. Qf3 Qa5 65. Kh2 Qe5+
66. Kh1 Qc5 67. Qd3 Kg6 68. Qg3+ Kf6 69. Qh4+ Ke6 70. Qa4 Qc1+ 71. Kh2 Qc7+ 72.
Kh1 Qc5 73. Qb3+ Kf6 74. Qa4 h5 75. Qa6+ Kg5 76. Kh2 Qe5+ 77. Kh1 Qa1+ 78. Kh2
Qxa2 79. Qd6 Qb3 80. Qe7+ Kg6 81. Qd6+ Kh7 82. Qf4 Qd5 83. Qg5 Qf7 84. Qf4 a2
85. Qd4 Qc7+ 86. Kh1 Qc1+ 87. Kh2 a1=Q 0-1

[Event "European Blitz 2015"]
[Site "Minsk BLR"]
[Date "2015.12.18"]
[Round "22.37"]
[White "Triapishko, Olexandr"]
[Black "Djuric, Stefan"]
[Result "1-0"]
[BlackTitle "GM"]
[WhiteElo "2471"]
[BlackElo "2393"]
[WhiteFideId "14122286"]
[BlackFideId "900133"]
[EventDate "2015.12.18"]
[EventType "swiss (blitz)"]

1. Nf3 g6 2. g3 Bg7 3. Bg2 c5 4. d4 cxd4 5. Nxd4 Nc6 6. Nb3 Nf6 7. Nc3 O-O 8.
O-O a5 9. a4 d6 10. e4 Bg4 11. f3 Qb6+ 12. Kh1 Be6 13. Re1 Bxb3 14. cxb3 Rad8
15. Be3 Qc7 16. Rc1 Qd7 17. f4 Rc8 18. Qd2 Qe6 19. Qd1 Rfd8 20. Bg1 h5 21. Nd5
h4 22. gxh4 Qg4 23. Nxf6+ 1-0

[Event "European Blitz 2015"]
[Site "Minsk BLR"]
[Date "2015.12.18"]
[Round "22.38"]
[White "Smirnov, Alexey"]
[Black "Khoroshilov, Nikita"]
[Result "0-1"]
[WhiteElo "2455"]
[BlackElo "2294"]
[WhiteFideId "4168437"]
[BlackFideId "24145122"]
[EventDate "2015.12.18"]
[EventType "swiss (blitz)"]

1. d4 g6 2. e4 d6 3. Nf3 Nf6 4. Nc3 Bg7 5. Be2 O-O 6. O-O c6 7. a4 Nbd7 8. h3 e5
9. Re1 Qe7 10. Bf1 Nh5 11. dxe5 dxe5 12. b3 Rd8 13. Ba3 Qe8 14. Qc1 Nf4 15. Qe3
Bf8 16. Bxf8 Qxf8 17. Nxe5 Nxh3+ 18. gxh3 Nxe5 19. f4 Nd7 20. Rad1 Nf6 21. Rxd8
Qxd8 22. Rd1 Qe7 23. e5 Nh5 24. Be2 Qh4 25. Bxh5 Qxh5 26. Rd8+ Kg7 27. Ne4 Qh4
28. Nf6 Kh6 29. Rh8 Kg7 30. Rxh7+ Qxh7 31. Nxh7 Kxh7 32. Kg2 Be6 33. Qd4 Kg7 34.
Kg3 Rh8 35. h4 b6 36. b4 Rc8 37. f5 gxf5 38. h5 c5 39. bxc5 Rxc5 40. Qd2 Rc4 41.
Qg5+ Kh7 42. Qf6 Rxc2 43. h6 Rc3+ 44. Kf2 Rc2+ 45. Kf1 Rc1+ 46. Ke2 Rg1 47. Kf2
Rg4 48. Qe7 Rxa4 49. Qf8 Rg4 50. Kf3 a5 51. Qb8 a4 52. Qxb6 a3 53. Qa7 a2 54.
Kf2 Rf4+ 55. Ke3 Re4+ 56. Kd3 Rg4 0-1

[Event "European Blitz 2015"]
[Site "Minsk BLR"]
[Date "2015.12.18"]
[Round "22.39"]
[White "Vorontsov, Pavlo"]
[Black "Sarana, Alexey"]
[Result "0-1"]
[WhiteTitle "IM"]
[WhiteElo "2395"]
[BlackElo "2432"]
[WhiteFideId "14116367"]
[BlackFideId "24133795"]
[EventDate "2015.12.18"]
[EventType "swiss (blitz)"]

1. e4 c5 2. Nf3 d6 3. d4 cxd4 4. Qxd4 Nc6 5. Bb5 Bd7 6. Bxc6 Bxc6 7. Nc3 h6 8.
O-O e5 9. Qd3 Nf6 10. Rd1 Be7 11. Nd2 d5 12. exd5 Nxd5 13. Nxd5 Qxd5 14. Qxd5
Bxd5 15. Nf3 Be4 16. Re1 Bxc2 17. Nxe5 f6 18. Nf3 Kf7 19. Nd4 Ba4 20. Bf4 Rhd8
21. Nf5 Bf8 22. b3 Bc6 23. Rad1 Bb4 24. Nd6+ Kf8 25. Re3 Rd7 26. Red3 Rad8 27.
f3 Bc5+ 28. Kh1 g5 29. Bg3 f5 30. b4 Bxb4 31. Be5 Ba4 32. Rd4 Bxd1 33. Rxb4 Rxd6 0-1

[Event "European Blitz 2015"]
[Site "Minsk BLR"]
[Date "2015.12.18"]
[Round "22.40"]
[White "Smirin, Ilia"]
[Black "Savitskiy, Sergey"]
[Result "1-0"]
[WhiteTitle "GM"]
[BlackTitle "FM"]
[WhiteElo "2658"]
[BlackElo "2365"]
[WhiteFideId "2801990"]
[BlackFideId "24105660"]
[EventDate "2015.12.18"]
[EventType "swiss (blitz)"]

1. e4 g6 2. d4 Bg7 3. c4 d6 4. Nc3 Nf6 5. Be2 O-O 6. Bg5 Nbd7 7. Qd2 e5 8. d5
Qe8 9. Bd3 a6 10. Nge2 Kh8 11. O-O Ng8 12. b4 f5 13. exf5 gxf5 14. f3 Ndf6 15.
Ng3 Qg6 16. Kh1 Bd7 17. c5 Rae8 18. Rac1 e4 19. fxe4 fxe4 20. Bb1 Nh6 21. Rce1
Nhg4 22. h3 Ne5 23. Ncxe4 Nc4 24. Qc1 Nxe4 25. Rxf8+ Bxf8 26. Bxe4 Qg7 27. Nh5 1-0

[Event "European Blitz 2015"]
[Site "Minsk BLR"]
[Date "2015.12.18"]
[Round "22.41"]
[White "Novitzkij, Dmitrij"]
[Black "Sharafiev, Azat"]
[Result "0-1"]
[WhiteTitle "IM"]
[BlackTitle "IM"]
[WhiteElo "2317"]
[BlackElo "2420"]
[WhiteFideId "13500619"]
[BlackFideId "4186214"]
[EventDate "2015.12.18"]
[EventType "swiss (blitz)"]

1. e4 c5 2. Nc3 Nc6 3. g3 g6 4. Bg2 Bg7 5. d3 Rb8 6. f4 d6 7. Nf3 b5 8. O-O e6
9. e5 dxe5 10. fxe5 Nxe5 11. Nxe5 Bxe5 12. Ne4 f5 13. Ng5 Bf6 14. Bc6+ Kf8 15.
Nh3 Ne7 16. Bh6+ Bg7 17. Qd2 Nxc6 18. Qc3 Qd4+ 19. Qxd4 cxd4 20. Bxg7+ Kxg7 21.
c3 dxc3 22. bxc3 e5 23. d4 exd4 24. cxd4 Nxd4 25. Rad1 Rd8 26. Nf4 Kf6 27. g4
Bb7 28. gxf5 Nxf5 0-1

[Event "European Blitz 2015"]
[Site "Minsk BLR"]
[Date "2015.12.18"]
[Round "22.42"]
[White "Tyutyunnikov, Alexey"]
[Black "Teterev, Vitaly"]
[Result "0-1"]
[BlackTitle "GM"]
[WhiteElo "2295"]
[BlackElo "2494"]
[WhiteFideId "4137060"]
[BlackFideId "13501429"]
[EventDate "2015.12.18"]
[EventType "swiss (blitz)"]

1. e4 c5 2. Nf3 e6 3. d4 cxd4 4. Nxd4 a6 5. Nc3 Qc7 6. Be2 Nf6 7. O-O d6 8. f4
Be7 9. Be3 O-O 10. Kh1 b5 11. Bf3 Bb7 12. a3 Nbd7 13. Re1 Rac8 14. Bf2 Qb8 15.
Bg3 Rfd8 16. e5 dxe5 17. fxe5 Ne8 18. Nb3 Nc5 19. Qe2 Nxb3 20. cxb3 Bc5 21. Rad1
Rxd1 22. Rxd1 Bxf3 23. Qxf3 Rd8 24. b4 Bd4 25. Rf1 Rd7 26. Qc6 Qb7 27. Qxb7 Rxb7
28. Rd1 Bxc3 29. bxc3 Kf8 30. Kg1 Ke7 31. Bh4+ f6 32. exf6+ gxf6 33. Bf2 e5 34.
Bc5+ Ke6 35. Kf2 Rd7 36. Re1 Nc7 37. a4 Rd3 38. axb5 axb5 39. Rc1 Kd5 40. Ke2
Kc4 41. Rf1 Nd5 42. Rf5 Rxc3 43. Rf1 e4 44. g4 Rc2+ 45. Kd1 Rxh2 46. Rf5 Nc3+
47. Kc1 Kd3 48. Rxf6 Rc2# 0-1

[Event "European Blitz 2015"]
[Site "Minsk BLR"]
[Date "2015.12.18"]
[Round "22.43"]
[White "Olhovik, Andrei"]
[Black "Sychev, Klementy"]
[Result "0-1"]
[BlackTitle "IM"]
[WhiteElo "2308"]
[BlackElo "2415"]
[WhiteFideId "13507397"]
[BlackFideId "4114060"]
[EventDate "2015.12.18"]
[EventType "swiss (blitz)"]

1. d4 Nf6 2. c4 g6 3. Nc3 d5 4. Nf3 Bg7 5. Bg5 Ne4 6. Bh4 Nxc3 7. bxc3 dxc4 8.
e4 b5 9. a4 c6 10. Be2 O-O 11. O-O a6 12. Nd2 Bb7 13. Qb1 c5 14. Nxc4 cxd4 15.
axb5 axb5 16. Rxa8 Bxa8 17. Qxb5 dxc3 18. Rd1 Qe8 19. Qc5 Nc6 20. e5 Qb8 21. Bf3
Nxe5 22. Bxa8 Nxc4 23. Bxe7 c2 24. Rc1 Qb1 25. Bg5 Rxa8 26. Qxc4 Bb2 27. Qc6
Bxc1 0-1

[Event "European Blitz 2015"]
[Site "Minsk BLR"]
[Date "2015.12.18"]
[Round "22.45"]
[White "Chizhikov, Vladislav"]
[Black "Shukh, Nikolai"]
[Result "1-0"]
[BlackTitle "IM"]
[WhiteElo "2229"]
[BlackElo "2435"]
[WhiteFideId "4178157"]
[BlackFideId "24102580"]
[EventDate "2015.12.18"]
[EventType "swiss (blitz)"]

1. e4 e5 2. Nf3 Nc6 3. Bc4 Nf6 4. O-O Nxe4 5. Nc3 Nxc3 6. dxc3 Be7 7. Qd5 O-O 8.
Nxe5 Nxe5 9. Qxe5 c6 10. Bd3 Bf6 11. Qh5 g6 12. Qf3 d5 13. Bh6 Re8 14. Rfe1 Be6
15. a4 a5 16. g3 Bg7 17. Bf4 Qb6 18. Rab1 Rad8 19. Bg5 Rc8 20. Bf6 Bxf6 21. Qxf6
Qd8 22. Qf4 c5 23. Bb5 Bd7 24. Bxd7 Qxd7 25. b3 b6 26. Qf6 Rc6 27. Qg5 Rce6 28.
Red1 Re5 29. Qf6 R8e6 30. Qf3 Rf5 31. Qd3 Rfe5 32. Qf3 Rd6 33. Kg2 Qe6 34. Rd2
Rf5 35. Qe2 Qf6 36. Rd3 Re6 37. Qd2 Rfe5 38. Rf3 Qe7 39. Rd1 h5 40. Qh6 Rd6 41.
Qf4 Re4 42. Qh6 Re2 43. Rd2 Re1 44. Qf4 Kg7 45. c4 d4 46. c3 Re4 47. Re3 dxe3
48. Qxd6 Qxd6 49. Rxd6 e2 50. f3 e1=Q 51. fxe4 Qe2+ 52. Kh3 Qf1+ 53. Kh4 Qg2 54.
h3 Qxe4+ 55. g4 Qe1+ 56. Kg5 Qe5+ 1-0

[Event "European Blitz 2015"]
[Site "Minsk BLR"]
[Date "2015.12.18"]
[Round "22.46"]
[White "Polivanov, Anatoliy"]
[Black "Matinian, Nikita"]
[Result "0-1"]
[WhiteTitle "IM"]
[BlackTitle "IM"]
[WhiteElo "2426"]
[BlackElo "2470"]
[WhiteFideId "14109468"]
[BlackFideId "24129100"]
[EventDate "2015.12.18"]
[EventType "swiss (blitz)"]

1. e4 c5 2. Nf3 e6 3. Nc3 Nc6 4. d4 cxd4 5. Nxd4 Qc7 6. Be3 a6 7. Qd2 Nf6 8. f4
Bb4 9. Bd3 Nxd4 10. Bxd4 d6 11. O-O-O Bd7 12. Kb1 Rc8 13. e5 dxe5 14. fxe5 Bxc3
15. Bxc3 Nd5 16. Bd4 O-O 17. c4 Ne7 18. Qg5 Bc6 19. Bc5 Rfe8 20. Bd6 Qd8 21. Qh5
g6 22. Qh6 Nf5 23. Bxf5 exf5 24. Bf8 Be4+ 25. Ka1 Rxf8 26. Rxd8 Rfxd8 27. Qg5
Re8 28. h4 Rxe5 29. h5 Re6 30. h6 f6 31. Qd2 Rce8 32. Rd1 Bc6 33. Qc3 Kf7 34. a3
Bxg2 35. Rd7+ R8e7 36. Rd8 Re8 37. Rxe8 Rxe8 38. Qd2 Bc6 39. Qd6 g5 40. Qc7+ Re7
41. Qb8 f4 42. Qh8 Ke6 43. Qg8+ Rf7 44. Qc8+ Rd7 45. Qe8+ Kf5 46. Kb1 f3 47. Qe3
Be4+ 48. Kc1 g4 49. b4 Rd3 50. Qc5+ Kf4 51. Qc7+ Ke3 52. Qb6+ Ke2 53. Qe6 f5 54.
Qe5 Rd1+ 55. Kb2 Rd2+ 56. Kc3 Rd3+ 57. Kb2 f2 58. Qh2 g3 59. Qh5+ Rf3 0-1

[Event "European Blitz 2015"]
[Site "Minsk BLR"]
[Date "2015.12.18"]
[Round "22.47"]
[White "Balashov, Yuri S"]
[Black "Konenkin, Dmitry"]
[Result "1-0"]
[WhiteTitle "GM"]
[BlackTitle "FM"]
[WhiteElo "2408"]
[BlackElo "2243"]
[WhiteFideId "4100263"]
[BlackFideId "4185781"]
[EventDate "2015.12.18"]
[EventType "swiss (blitz)"]

1. Nf3 d6 2. d4 Nd7 3. e4 e5 4. Nc3 Ngf6 5. Bc4 Be7 6. O-O O-O 7. Re1 c6 8. a4
b6 9. h3 a6 10. Bg5 Qc7 11. Bh4 Bb7 12. Bg3 b5 13. Bb3 b4 14. Nb1 c5 15. dxe5
dxe5 16. Nbd2 Nh5 17. Bh2 Nf4 18. Nc4 Bf6 19. Bxf4 exf4 20. a5 Rad8 21. Qe2 Ne5
22. Nfxe5 Bxe5 23. Rad1 Rd4 24. Rxd4 Bxd4 25. Qd2 Re8 26. c3 bxc3 27. bxc3 Be5
28. Rd1 Bc6 29. Nxe5 Qxe5 30. f3 g6 31. Qd6 Bb5 32. Qxe5 Rxe5 33. Bd5 Re7 34. c4
Ba4 35. Rb1 Kg7 36. Rb6 Ra7 37. Bb7 Bc2 38. Kf2 Bd3 39. Bd5 h5 40. h4 f6 41. g3
fxg3+ 42. Kxg3 g5 43. Rc6 gxh4+ 44. Kxh4 Be2 45. f4 Re7 46. Rxa6 Bd3 47. Re6 Ra7
48. a6 Kg6 49. e5 Kg7 50. Rxf6 Ra8 1-0

[Event "European Blitz 2015"]
[Site "Minsk BLR"]
[Date "2015.12.18"]
[Round "22.48"]
[White "Ginzburg, Mikhail"]
[Black "Reprintsev, Alexander"]
[Result "1-0"]
[WhiteTitle "FM"]
[BlackTitle "IM"]
[WhiteElo "2229"]
[BlackElo "2321"]
[WhiteFideId "13501097"]
[BlackFideId "14100541"]
[EventDate "2015.12.18"]
[EventType "swiss (blitz)"]

1. e4 d5 2. exd5 Qxd5 3. Nc3 Qa5 4. d4 Nf6 5. Nf3 Nc6 6. h3 Ne4 7. Bd2 Nxd2 8.
Qxd2 e6 9. Bd3 Bb4 10. O-O O-O 11. a3 Bxc3 12. bxc3 h6 13. Rfe1 Rd8 14. Qe3 Ne7
15. Ne5 f6 16. Nc4 Qg5 17. f4 Qh5 18. Qg3 Nf5 19. Qf2 Qf7 20. Ne3 Nxe3 21. Qxe3
Bd7 22. Qe4 Rab8 23. Qh7+ Kf8 24. Rab1 b5 25. Re2 Rb6 26. Re3 a6 27. Rg3 f5 28.
Re1 Rc6 29. Be2 Re8 30. Bh5 Qg8 31. Qxg8+ Kxg8 32. Bxe8 Bxe8 33. d5 Rc4 34. dxe6
Rxf4 35. Rd3 Rc4 36. Rd8 Kf8 37. Rd3 Ke7 38. Kf2 Bc6 39. Ree3 Be4 40. Rd4 Rc6
41. Rd7+ Kxe6 42. Rxg7 Ke5 43. g3 Kf6 44. Rd7 Rc4 45. Rd4 Rc5 46. g4 Bxc2 47.
gxf5 Bxf5 48. Rf3 a5 49. Rd8 c6 50. Rd6+ Kg5 51. Kg3 Be4 1-0

[Event "European Blitz 2015"]
[Site "Minsk BLR"]
[Date "2015.12.18"]
[Round "22.49"]
[White "Malakhov, Igor"]
[Black "Kislov, Oleg"]
[Result "1-0"]
[WhiteTitle "IM"]
[BlackTitle "FM"]
[WhiteElo "2451"]
[BlackElo "2241"]
[WhiteFideId "4183088"]
[BlackFideId "13503774"]
[EventDate "2015.12.18"]
[EventType "swiss (blitz)"]

1. e4 e6 2. d4 d5 3. Nc3 Nf6 4. Bg5 dxe4 5. Nxe4 Be7 6. Bxf6 gxf6 7. Nf3 b6 8.
Bd3 Bb7 9. Qd2 h6 10. Qf4 f5 11. Ng3 Bg5 12. Nxg5 hxg5 13. Qe5 O-O 14. O-O-O Nc6
15. Qe2 Qxd4 16. Kb1 Qg7 17. Nh5 Qh6 18. g4 Nd4 19. Qe5 Bxh1 20. Rxh1 Nf3 21.
Qc3 f6 22. Bc4 fxg4 23. Bxe6+ Kh8 24. Bxg4 Ne5 25. h4 Nxg4 26. hxg5 Qxg5 27.
Nxf6+ Kg7 28. Nxg4+ Kg6 29. Qc6+ Kg7 30. Qe4 Qf5 31. Qd4+ Kg6 32. Ne5+ Kg5 33.
Qh4# 1-0